00728nam a2200289Ia 4500008004100000020001800041050001000059050001400069100002000083245001700103245003100120260002700151260001900178260000900197300001600206300002000222300001000242440002600252500002300278650002000301650002800321650001500349650003200364700001200396700001100408999001900419170711s9999 xx 000 0 und d a9781595550477 a269.2 bB451 2010 aBelmonte, Kevin aD.L. Moody / cby Kevin Charles Belmonte. aNashville, Tennessee : bThomas Nelson, c2010 a193 pages : billustrations ; c17cm. aChristian encounters. aIncludes appendix. aEvangelists --  aMoody, Dwight Lyman, -- x1837-1899. xUnited States -- Biography. aSeries. aTitle. c339919d339919